1092 1657 1441 1492 1992 1608 1649 1725 1818 1431 1102 1443 1421 1584 1557 1211 1220 1376 1511 1510 1606 1649 1643 1798 1812 1974 1769 1519 1921 1435 1451 1127 1514 1331 1372 1527 1961 1232 1549 1064 1259 1274 1455 1218 1897 1854 1298 1017 1486 1837 1190 1836 1539 1754 1098 1448 1857 1386 1516 1687 1256 1759 1522 1366 1125 1866 1567 1467 1770 1193 1039 1226 1364 1206 1215 1292 1434 1025 1827 1964 1595 1267 1530 1267 1955 1168 1103 1890 1006 1347 1990 1693 1690 1379 1110 1467 1171 1867 1468 BCNSPRNW ULIB Ver.6.0+V

เปลี่ยนเป็นภาษาไทย

Change to English
 แสดงรายละเอียดบรรณานุกรม
  กลับหน้าหลัก

Brief Record : Get Marc (ISO 2709) : E-mail record : QR code < ปิดหน้าต่าง
LEADER : 00000nam 2200000uu 4500
001    13399113494
003     ULIB
008    111122s2549||||th 000 0 tha d
020    ^a9749440730
060 04 ^aW740^bร123น 2549
100 0  ^aรณชัย คงสกนธ์
245 10 ^aนิติจิตเวชศาสตร์ =^bForensic Psychiatry /^cรณชัย คงสกนธ์
246 31 ^aForensic Psychiatry
250    ^aพิมพ์ครั้งที่ 1
260    ^aกรุงเทพฯ :^bภาควิชาจิตเวชศาสตร์คณะแพทยศาสตร์โรงพยาบาลรามาธิบดี มหาวิทยาลัยมหิดล,^c2549
300    ^a383 หน้า :^bภาพประกอบ ;^c31 ซม.
650  2 ^aForensic Psychiatry
650  7 ^aนิติจิตเวชศาสตร์
710 2  ^aมหาวิทยาลัยมหิดล. ^bคณะแพทยศาสตร์โรงพยาบาลรามาธิบดี.^bภาควิชาจิตเวชศาสตร์
945    ^p460^l0^i24733
995    ^aกัณชพร
999    ^aใช้งานได้ทุกระบบ
รายการนี้ยังไม่มีแท็ก
คุณยังไม่ได้ล็อกอิน คุณสามารถมีกิจกรรมร่วมกับเว็บไซต์ได้ แต่ต้องล็อกอินก่อน ::
  ล็อกอิน

รายการสื่อสารสนเทศ

ลำดับที่ ประเภท เลขเรียก/บาร์โค้ด สถานที่ สถานะ
- ไม่พบข้อมูล -

รายการใกล้เคียง
    ผู้แต่ง [รณชัย คงสกนธ์]

    หัวเรื่อง [Forensic Psychiatry]
    หัวเรื่อง [นิติจิตเวชศาสตร์]

BibComment


ยังไม่เคยถูกคอมเมนท์

คอมเมนท์ทรัพยากรรายการนี้
  คอมเมนท์: นิติจิตเวชศาสตร์..


 Copyright 2026. Bcnsprnw @Library